000 00990cpcaa22002777a 4500
001 mm 78004932
003 DLC
005 20260227111620.0
008 790105|||||||||||| eng
010 _amm 78004932
040 _aDLC
_cDLC
_edacs
_dDLC
041 _aeng
_ager
072 7 _aN
_2lcmd
245 0 0 _aTreaty between Austria and the United States re commerce and navigation,
_f1829.
300 _a1
_fitem.
506 0 _aOpen to research.
546 _aCollection material in English, with German.
580 _aForms part of: Miscellaneous Manuscripts collection.
650 0 _aNavigation.
651 0 _aAustria
_xCommerce
_zUnited States.
651 0 _aAustria
_xForeign relations
_vTreaties.
651 0 _aUnited States
_xCommerce
_zAustria.
651 0 _aUnited States
_xForeign relations
_vTreaties.
999 _c39652
_d39652